LEADER 01473nam 2200409 450 001 9910706969203321 005 20181004153753.0 035 $a(CKB)5470000002459784 035 $a(OCoLC)1044760758 035 $a(EXLCZ)995470000002459784 100 $a20180718d2018 ua 0 101 0 $aeng 135 $aur||||||||||| 181 $ctxt$2rdacontent 182 $cc$2rdamedia 183 $acr$2rdacarrier 200 10$aU.S. Geological Survey - Virginia Department of Transportation bridge scour pilot study /$fby Samuel H. Austin 210 1$a[Reston, Virginia] :$cU.S. Department of the Interior, U.S. Geological Survey,$d2018. 215 $a1 online resource (2 unnumbered pages) $ccolor illustrations 225 1 $aFact sheet ;$v2018-3006 300 $a"March 2018." 517 3 $aBridge scour pilot study 606 $aScour at bridges$xForecasting 606 $aStreamflow$xStatistical methods 606 $aStreamflow$xStatistical methods$2fast 615 0$aScour at bridges$xForecasting. 615 0$aStreamflow$xStatistical methods. 615 7$aStreamflow$xStatistical methods. 700 $aAustin$b Samuel H.$01389575 712 02$aGeological Survey (U.S.), 712 02$aVirginia.$bDepartment of Transportation. 801 0$bGPO 801 1$bGPO 906 $aBOOK 912 $a9910706969203321 996 $aU.S. Geological Survey - Virginia Department of Transportation bridge scour pilot study$93503436 997 $aUNINA LEADER 02198nam0 22004333i 450 001 LO10376040 005 20251003044209.0 020 $aIT$b1929 4732 090 $a257096 100 $a20010409d1929 ||||0itac50 ba 101 | $aita 102 $ait 181 1$6z01$ai $bxxxe 182 1$6z01$an 200 1 $aˆIl ‰problema della durata del lavoro$el'ideologia internazionale ed i fatti nazionali$ela soluzione nazionale del governo fascista$fLello Gangemi 210 $aFirenze$cVallecchi$d1929 215 $aXV, 526 p.$d20 cm. 606 $aOrario di lavoro$xLegislazione$2FIR$3CFIC022799$9I 676 $a331$9ECONOMIA DEL LAVORO$v23 676 $a331.257$9ORARIO DI LAVORO$v20 676 $a331.257$9ECONOMIA DEL LAVORO. Orari$v22 686 $a130.6$cLAVORO 1918-1939$2R 686 $aIT/1636.2$cFORME CONDIZIONI E MERCATO DEL LAVORO ITALIA FASCISTA 1922-1939$2R 686 $aSe.i.9.2$cStoria dell'economia italiana. 1919-1940. Dalla depressione economica alla guerra d'Etiopia e alle sanzioni economiche$2F 686 $aSe.i.9.3.23$cStoria dell'economia italiana. 1919-1940. L'organizzazione scientifica del lavoro$2F 696 $aOre lavorative$aOre di lavoro$aOrari lavorativi 699 $aOrario di lavoro$yOre lavorative 699 $aOrario di lavoro$yOre di lavoro 699 $aOrario di lavoro$yOrari lavorativi 700 1$aGangemi$b, Lello$3RAVV030961$4070$0120330 801 3$aIT$bIT-000000$c20010409 850 $aIT-BN0095 $aIT-NA0079 901 $bNAP BN$cV.F. $nLa consegna dei documenti è effettuata dall'Ufficio Distribuzione 901 $bNAP 01$cPOZZO LIB.$nVi sono collocati fondi di economia, periodici di ingegneria e scienze, periodici di economia e statistica e altri fondi comprendenti documenti di economia pervenuti in dono. 912 $aLO10376040 950 0$aBiblioteca Centralizzata di Ateneo$b1 v.$c1 v.$d 01POZZO LIB.STORICA 25$e 0101 0000158275E VMA 1 v. (Precedente collocazione STORICA A 3)$fB $h20091222$i20091222 977 $a 01$a BN 996 $aProblema della Durata del Lavoro$9698911 997 $aUNISANNIO